000 00677nam a2200253 a 4500
001 0001-0975
003 ELIB.Books
008 140917 2010 eng
020 _a0927545373
035 _a(ELIB.Books)0001-1129
092 _a269.2
_bSjo
100 _aSjogren, Bob
245 _aUnveiled At Last
_bDiscover God's Hidden Message from Genesis to Revelation
260 _aWaco
_bYWAM Publishing
_c1992
300 _a184
_c20.3 Cm
500 _aDr. Yahalaylayla
650 _aEvangelism
730 _aUnveiled At Last
856 _nKBTS; Library
_uKBTS; Elib.
942 _2ddc
_cBK
990 _a1
998 _cbat
_e2014-09-17
999 _c10975
_d10975